00498nam a2200169Ia 450000500170000000800410001708200130005810000190007124500290009025000080011926000370012730000130016450000320017794200060020995200980021599900150031320250401011752.0240331s9999 xx 000 0 und d bVARa894 aVaradarajan, M 0aTamizh ilakkiya varalaru a7th aNew DelhibSahitya Akademic1989 a397 p ., aHistory Of Tamil Literature cL 001040708LaWERCLbWERCLcSSCd2024-03-31l0o 894.811 VARp839r2024-03-31w2024-03-31yL c4172d4172